Le Québec (de A à Z) - Statistiques

Statistiques générales
  • Ce quiz a été pris 28 fois
  • Le résultat moyen est 14 sur 26
Statistiques - réponses
Question Hint Réponse % Correct
Plat dont la recette originale contient des frites, du fromage en grains et de la sauce brune P Poutine
92%
Capitale de la province Q Québec
92%
Chanteuse québécoise souvent considérée comme la plus grande chanteuse du monde D Céline Dion
88%
Arbre dont la feuille est représentée sur le drapeau canadien E Érable
88%
Équipe de hockey professionnelle de Montréal C Canadiens de Montréal
80%
Cervidé emblématique de la province, appelé Élan par les européens O Orignal
80%
Château surplombant la ville de Québec F Frontenac
76%
Région de l'est du Québec où l'on peut voir le Rocher Percé et le Parc national Forillon G Gaspésie
72%
Style musical à l'honneur dans un festival montréalais J Jazz
72%
Deuxième plus vieille ville du Québec, située entre Montréal et Québec T Trois-Rivières
64%
Petit pain troué emblématique de la ville de Montréal B Bagel
56%
Équipe professionnelle de hockey de la ville de Québec, disparue depuis 1995 N Nordiques de Québec
56%
Premier Ministre de 1976 à 1985 souvent considéré comme le plus grand Premier Ministre du Québec L René Lévesque
56%
Groupe de peuple autochtone occupant le Nord du Québec I Inuits
52%
Plus grande ville du Bas-Saint-Laurent à proximité du Parc national du Bic R Rimouski
52%
Chanteur originaire de Natashquan à qui l'on doit « Gens du pays » V Gilles Vigneault
48%
Région de la rive nord du fleuve Saint-Laurent ou se trouvent les villes de Trois-Rivière, Shawinigan et La Tuque M Mauricie
44%
Spécialité de charcuterie originaire de Montréal, traditionnellement servi sous la forme d'un sandwich S Smoked meat
40%
Oiseau emblématique de la province H Harfang des neiges
36%
Chanson de La Bottine souriante. Un porte-clé y est « tout rouillé » Z Ziguezon
36%
Large baie du nord-est du Québec U Ungava
32%
Habitations temporaires utilisées autrefois par les nations semi-nomades d'Amérique du Nord W Wigwam
32%
Rivière prenant sa source dans le lac Brome et se jetant dans le lac Saint-Pierre. Traverse la ville de Saint-Hyacinthe Y Yamaska
32%
Première nation algonquienne présente à Odanak et Wôlinak A Abénaquis
24%
Plus importante communauté du Nunavik K Kuujjuaq
20%
Montagne du parc national de la Gaspésie culminant à environ 1120 mètre d'altitude X Xalibu
8%
Aucun quiz correspondant
Distribution des résultats
% des personnes avec chaque résultat
Percentile par nombre de réponses
Votre historique - résultats
Vous n’avez pas pris ce quiz